Statystyki dla Największe Miasta Kontynentów

Kliknij tutaj aby rozwiązać quiz!

Ogólne statystyki

  • Ten quiz został rozwiązany 457 razy
  • Średni wynik to 23 z 41

Statystyki odpowiedzi

HintEuropa% Poprawnych
12,2Moskwa
98%
2,2Paryż
96%
3,6Berlin
93%
8,8Londyn
93%
3,2Madryt
93%
38,0Tokio
87%
8,6Nowy Jork
85%
23,0Pekin
85%
2,9Rzym
85%
5,3Sydney
85%
4,0Los Angeles
76%
20,4Kair
71%
2,9Kijów
70%
8,9Meksyk
70%
3,4Buenos Aires
67%
6,6Rio de Janeiro
67%
2,7Chicago
62%
5,3Petersburg
60%
23,5Szanghaj
58%
8,5Bogota
53%
12,4Sao Paulo
53%
4,9Melbourne
52%
26,5Delhi
49%
9,1Lima
48%
2,8Toronto
47%
5,7Santiago
44%
2,0Mińsk
43%
25,5Seul
43%
1,9Bukareszt
42%
31,7Dżakarta
42%
2,1Perth
36%
21,0Lagos
35%
12,5Kinszasa
32%
2,3Houston
26%
1,5Auckland
25%
4,2Nairobi
24%
1,8Montreal
23%
24,1Manila
22%
2,5Brisbane
20%
2,1Hawana
18%
7,7Luanda
13%

Rozkład punktacji

Percentyl według liczby udzielonych odpowiedzi

Procent ludzi z każdym wynikiem

Twoja historia wyników

Nie rozwiązałeś tego quizu